LEADER 01016nam2-2200349---450 001 990005578330203316 005 20200428093542.0 035 $a000557833 035 $aUSA01000557833 035 $a(ALEPH)000557833USA01 035 $a000557833 100 $a19981214d1991----|||y0itaa50------ba 101 $aita 102 $ait 105 $ae 00||| 200 0 $a3[.2]$fautore e direttore Aldo Duro. Pe - R] 210 $aRoma$cIstituto della enciclopedia italiana fondata da Giovanni Treccani$d1991 215 $aXI,1557 p.$cill.$d29 cm 461 0$1001000557829$12001$aVocabolario della lingua italiana$v4 606 $aLingua italiana$xDizionari.$2F 620 $dROMA 676 $a453 801 0$aIT$bSA$c20111219 912 $a990005578330203316 950 0$aDipar.to di Filosofia - Salerno$dDFFF 453 DUR$e165 FIL 951 $aFF 453 DUR$b165 FIL 959 $aBK 969 $aFIL 979 $c20121027$lUSA01$h1525 979 $c20121027$lUSA01$h1614 996 $a3$961479 997 $aUNISA LEADER 01167nam 2200373 450 001 9910479898803321 010 $a3-8382-6519-X 035 $a(CKB)4100000008340353 035 $a(MiAaPQ)EBC5782655 035 $a(EXLCZ)994100000008340353 100 $a20190611d2018 uy 0 101 0 $ager 135 $aurcnu|||||||| 181 $ctxt$2rdacontent 182 $cc$2rdamedia 183 $acr$2rdacarrier 200 04$aDie Zukunft der Medizin $ezwo?lf Fachleute in einem Symposium der Medizinischen Hochschule Hannover mit Antworten auf aktuelle Zukunftsfragen /$fKlas Mildenstein (herausgegeben) 210 1$aStuttgart :$cIbidem-Verlag,$d[2018] 210 4$dİ2018 215 $a1 online resource (262 pages) $cillustrations 320 $aIncludes bibliographical references. 606 $aMedicine$zGermany 608 $aElectronic books. 615 0$aMedicine 676 $a610.943 700 $aMildenstein$b Klas$0947822 702 $aMildenstein$b Klas 801 0$bMiAaPQ 801 1$bMiAaPQ 801 2$bMiAaPQ 906 $aBOOK 912 $a9910479898803321 996 $aDie Zukunft der Medizin$92142310 997 $aUNINA